AKA a Town in Michigan Quiz Stats

 Plays Quiz not verified by Sporcle

Score 0/10 Timer 04:00
0 Plays Today
Clue City % Correct
The first Greek letterAlpha
100%
Orange cartoon catGarfield
100%
A Simpson or a legendary Greek poetHomer
100%
A quick, light kissPeck
93.8%
A small, aggressive carnivore, or an X-ManWolverine
87.5%
Ornamental structure that sprays waterFountain
81.3%
A large piece of old-fashioned artilleryCannon
75%
The highest point of a mountainSummit
75%
To carry a boat over landPortage
62.5%
A Casanova; ladies' manRomeo
31.3%

You're not logged in!

Compare scores with friends on all Sporcle quizzes.
OR
Log In

Show Comments

Extras

Top Quizzes Today


Score Distribution

Your Account Isn't Verified!

In order to create a playlist on Sporcle, you need to verify the email address you used during registration. Go to your Sporcle Settings to finish the process.

Report this User

Report this user for behavior that violates our Community Guidelines.

Details: